000 00627nam a2200169Ia 4500
999 _c32161
_d32161
003 GCL
005 20240530102427.0
008 140319s9999 xx 000 0 ara d
040 _aGCL /
_cGCL
082 0 4 _a301.01
_bك ت
100 1 _aكينلوتش ، جراهام
245 1 0 _aتمهيد فى النظرية الاجتماعية تطورها ونماذجها الكبرى /
_cتاليف جراهام كينلوتش ؛ ترجمة محمد سعيد فرح
260 _a[S.N] :
_bدار المعرفة الجامعية ،
_c1990
300 _a352 ص
700 0 _aمحمد سعيد فرح
_eمترجم
942 _2ddc
_cBK